| 000 -LEADER |
| fixed length control field |
02320 a2200229 4500 |
| 003 - CONTROL NUMBER IDENTIFIER |
| control field |
OSt |
| 005 - DATE AND TIME OF LATEST TRANSACTION |
| control field |
20180116182832.0 |
| 008 - FIXED-LENGTH DATA ELEMENTS--GENERAL INFORMATION |
| fixed length control field |
160513b xxu||||| |||| 00| 0 eng d |
| 020 ## - INTERNATIONAL STANDARD BOOK NUMBER |
| International Standard Book Number |
0198601034 (hardcover) |
| 020 ## - INTERNATIONAL STANDARD BOOK NUMBER |
| International Standard Book Number |
9780198601036 (hardcover) |
| 040 ## - CATALOGING SOURCE |
| Transcribing agency |
0 |
| 082 04 - DEWEY DECIMAL CLASSIFICATION NUMBER |
| Classification number |
808.882 OXF 1999 |
| 100 ## - MAIN ENTRY--PERSONAL NAME |
| Personal name |
Elizabeth Knowles |
| 245 14 - TITLE STATEMENT |
| Title |
The oxford dictionary of twentieth-century quotations / |
| Statement of responsibility, etc. |
Elizabeth Knowles. |
| 250 ## - EDITION STATEMENT |
| Edition statement |
Later Printing ed. |
| 260 ## - PUBLICATION, DISTRIBUTION, ETC. |
| Place of publication, distribution, etc. |
[S.l.] : |
| Name of publisher, distributor, etc. |
Oxford University Press, USA, |
| Date of publication, distribution, etc. |
1999. |
| 300 ## - PHYSICAL DESCRIPTION |
| Extent |
496 p. ; |
| Dimensions |
24 cm. |
| 520 ## - SUMMARY, ETC. |
| Summary, etc. |
In The Oxford Dictionary of Twentieth-Century Quotations, Elizabeth Knowles has brought together 5,000 quotations that provide a kaleidoscopic look at the last hundred years--from inspirational words that launched great political movements, to songs that made us dance, to witty lines that made us laugh. Here readers will find Franklin D. Roosevelt ("The only thing we have to fear is fear itself") and Martin Luther King, Jr. ("Injustice anywhere is a threat to justice everywhere"). There are numerous excerpts from works of art, from Franz Kafka's "It is often better to be in chains than to be free," to Cole Porter's "In olden days a glimpse of stocking / Was looked on as something shocking / Now, heaven knows, / Anything Goes." Knowles includes memorable flashes of wit, such as Dorothy Parker's "Men seldom make passes / At girls who wear glasses." And here too are the words of the notorious, such as Richard Nixon's "I am not a crook." In addition, the book features several special sections, including Misquotations, Newspaper Headlines ("Dewey defeats Truman"), Political Slogans ("Ban the Bomb"), Film Lines ("Let the force be with you"), and Anonymous ("Kilroy was here"). All quotations are organized alphabetically by author, and there are two indexes--a subject index and a key word index--to help readers find quotes when they don't know the author or when they need a quote to suit an occasion. The Oxford Dictionary of Twentieth-Century Quotations opens a unique window on our time, offering a panorama that is by turns amusing, appalling, uplifting, and memorable. |
| 700 1# - ADDED ENTRY--PERSONAL NAME |
| Personal name |
Knowles, Elizabeth. |
| 856 40 - ELECTRONIC LOCATION AND ACCESS |
| Materials specified |
Amazon.com |
| Uniform Resource Identifier |
<a href="http://www.amazon.com/exec/obidos/ASIN/0198601034/chopaconline-20">http://www.amazon.com/exec/obidos/ASIN/0198601034/chopaconline-20</a> |
| 942 ## - ADDED ENTRY ELEMENTS (KOHA) |
| Institution code [OBSOLETE] |
NBS |
| Koha item type |
Book |
| Call number prefix |
808.882 OXF |
| Source of classification or shelving scheme |
|